|
|
|
|
| LEADER |
00831nas a2200205 i 4500 |
| 001 |
acta47705 |
| 005 |
20260224081030.0 |
| 008 |
170620s2017 hu o 000 hun d |
| 022 |
|
|
|a 1417-3875
|
| 040 |
|
|
|a SZTE Egyetemi Kiadványok Repozitórium
|b hun
|
| 041 |
|
|
|a hun
|
| 100 |
1 |
|
|a Bezerra Flank D. M.
|
| 245 |
1 |
0 |
|a Existence, regularity and upper semicontinuity of pullback attractors for the evolution process associated to a neural field model
|h [elektronikus dokumentum] /
|c Bezerra Flank D. M.
|
| 260 |
|
|
|c 2017
|
| 300 |
|
|
|a 1-18
|
| 490 |
0 |
|
|a Electronic journal of qualitative theory of differential equations
|
| 695 |
|
|
|a Matematika, Differenciálegyenlet
|
| 700 |
0 |
1 |
|a Pereira Antonio L.
|e aut
|
| 700 |
0 |
2 |
|a da Silva Severino H.
|e aut
|
| 856 |
4 |
0 |
|u http://acta.bibl.u-szeged.hu/47705/1/ejqtde_2017_041_001-018.pdf
|z Dokumentum-elérés
|